000 01052nam a22003371 4500
001 202664
003 DO-SdBPM
005 20250707115547.0
007 ta
008 990201s1988 sp spa
017 _a
_b
020 _a8439507836
035 _a
040 _aDO-SdBPM
_bspa
_cBPMSU
_erda
082 4 _a843.91
_bB496l 1988
_222
100 1 _aSimenon, Georges,
_d1903-1989
_eautor
240 1 3 _aLe fou de Bergerac
_l Español
245 1 3 _aEl loco de Bergerac /
_c Georges Simenon ; traducción de Carmen Virgili ; editor Luis de Caralt,
_h
264 _aBarcelona :
_bForum,
_c1988.
300 _a154 páginas
_c18 cm.
336 _atexto
_btxt
_2rdacontent
337 _asin mediación
_bn
_2rdamedia
338 _avolumen
_bnc
_2rdacarrier
490 0 _aLas Novelas de Maigret,
_v61
590 _aInventariado, 2025/VM
650 4 _aNovela policíaca belga
700 1 _aVirgili, Carmen,
_etraductora
700 1 _aCaralt, Luis de,
_eeditora
910 _aVMateo V. Control de calidad. BPMSU
942 _2ddc
_cBK
999 _c10010
_d10010